| 000 | 02077nam a22003857a 4500 | ||
|---|---|---|---|
| 003 | OSt | ||
| 005 | 20230616094340.0 | ||
| 008 | 221006b |||||||| |||| 00| 0 eng d | ||
| 040 | _cBiblioteca Lado V | ||
| 082 |
_a709.05 _bG851a |
||
| 100 |
_9855 _aGriffin, Tim _eeditor |
||
| 245 |
_aArtforum/ _bInternacional/ |
||
| 260 |
_aNew York _c2003 _bNew York editorial and business offices |
||
| 300 |
_c26.5x27cm _a288p. |
||
| 366 | _eeng | ||
| 490 |
_aMarzo _v2003 _x0864-1315 |
||
| 505 | _tContributors | ||
| 505 | _tEditor's Note | ||
| 505 |
_tWRITING THE 80'S _aOther voices: Four Critical Vignettes The Diarist The Architects The Painter The Poets Outside the Box: Unpacking Craig Owen's Slide Library Zines for a Day: The Other Art Press |
||
| 505 | _t80's Then | ||
| 505 | _t80's Again | ||
| 505 |
_tTIME CAPSULES _a1980-1985 |
||
| 505 |
_tMILESTONES _a1980: Fassbinder's Berlin Alexanderplatz 1980: Talkin Heads' Remain in Light 1981: New York 1981: Keith Haring's Wilde Style 1981: Scritti Politti's 1982: Bruce Webwe 1982: The Other de Chirico 1982: Anselm Kiefer's Innenraum 1982: Blade Runner 1984: World of Video 1985: The Replacements; Tim 1985: Wigstock |
||
| 505 |
_tFEATURES _aThe Morning After: A Roundtable Ripening on the Rhine: The Cologne Art World of the 80's My 80's My Postmodernism Blood of the Poets: The Tribal 80's Whatever Happened to: The Trouble witch Christian Leight Princes Among Thieves: Sampling the 80's |
||
| 505 | _tREVIEWS | ||
| 650 |
_2Tesauro de Arte & Arquitectura _aARTE COMTEMPORANEO _9703 |
||
| 650 |
_2Tesauro de Arte & Arquitectura _aFOTOGRAFIA _9702 |
||
| 650 |
_2Tesauro de Arte & Arquitectura _aARTE VISUAL _9702 |
||
| 650 |
_2Tesauro de Arte & Arquitectura _aLIBROS |
||
| 650 |
_2Tesauro de Arte & Arquitectura _aNOTICIAS |
||
| 650 |
_2 Tesauro de Arte & Arquitectura _aARTE INTERNACIONAL |
||
| 650 |
_2 Tesauro de Arte & Arquitectura _aESCULTURA |
||
| 700 |
_aNavarreta, Jose Antonio _eeditor |
||
| 942 |
_2ddc _c1 _h709.05 _iG851a _n0 |
||
| 999 |
_c3850 _d3850 |
||